Регионална библиотека "Любен Каравелов" - Русе

Битието (Запис номер 326616)

MARC детайли
000 -Лидер
Контролно поле с фиксирана дължина 01135nam a2200289 a 4500
003 - Код на организацията, давaща контролен номер
Контролно поле BLK
005 - Дата и час на последна редакция
Контролно поле 20250703092454.0
008 - Елементи от данни с фиксирана дължина
fixed length control field 181122b bu ||||gr|||| 00| 0 bu d
020 ## - Международен стандартен номер на книга ISBN
Международен стандартен номер на книга ISBN 9789542618096
040 ## - Източник на каталожния запис
Идентификатор на билиотеката - собственик на записа BLK
041 ## - Код за език
Код за езика на текст/звукозапис или на отделно заглавие Български
Код за езика КДБФ Български
080 ## - УДК
Текстов определител УДК Българска литература
УДК код - определител по УДК 821.163.2
УДК - код + определител 821.163.2-31
100 ## - Редна дума - Автор
R(LIN) 277642
Автор Зарев, Владимир Пантелеев
Авторска отговорност първи автор
Автор - информация (биография) Пантев, Владимир Пантелеев
139 ## - Редно поле
Редна дума Зарев, Владимир Пантелеев
Авторски знак Зар - З 34
245 ## - Сведения за заглавието
Заглавие Битието
Подзаглавни данни Роман
260 ## - Област на издателските данни
9 (RLIN) 209439
Място на издаване, разпространение и проч. Пловдив
Име на издателя, разпространителя и проч. Хермес
Година на издаване 2018
300 ## - Физическа характеристика
Страници 664 с.
Размери/Мащаб 21 см
380 ## - Жанр
Жанр Худож. лит.
500 ## - Общи забележки
Забележка Ч. 1. от трилогията Битието, Изходът, Законът<br/>1. изд. 1978 на Бълг. писател<br/>Биогр. данни за авт. отбелязани на гърба на кор.
650 #7 - Допълнително описание по предмет – тема
9 (RLIN) 169685
Основно описание – тема или топоним Роман
852 ## - Местоположение
Форматна сигнатура Цб 291771
999 ## - СИСТЕМНИ КОНТРОЛНИ НОМЕРА
Koha biblionumber 326616
Koha biblioitemnumber 326616
942 ## - АРТИКУЛИ
Вид на библиотечния материал Книги
Скрит в OPAC Не
Koha issues (borrowed), all copies 13
944 ## - СЪЗДАВАНЕ И РЕДАКЦИЯ на ЗАПИСА
Дата на регистрацията/редакция 2018-11-22
Служител, извършил регистрацията/редакцията 30530
Статус, дата на статуса Минев Младен
999 ## - СИСТЕМНИ КОНТРОЛНИ НОМЕРА
Koha biblioitemnumber 326616
999 ## - СИСТЕМНИ КОНТРОЛНИ НОМЕРА
Koha biblioitemnumber 326616
999 ## - СИСТЕМНИ КОНТРОЛНИ НОМЕРА
Koha biblioitemnumber 326616
Наличности
Код за отписване Код за изгубен артикул Източник на класификационната схема Код за повреда Коз за рестрикции Код за отдаване Артикулен № Име на библиотеката - собственик Име на библиотеката, в която се намира в момента Статус (Текущо местоположение) Дата на вписване в системата Местоположение - отдел Цена в лева Систематично азбучна сигнатура Баркод Цена в евро Служебен тип на артикула Инвентарен номер
  Не е изгубен Universal Decimal Classification Не е повреден без рестрикции ползва се в читалня 682581 Регионална библиотека "Любен Каравелов" Русе Регионална библиотека "Любен Каравелов" Русе Хранилище 2018-11-22 Хранилище 19.95 Цб 291771 120000825816 10.20 Книги  
  Не е изгубен Universal Decimal Classification Не е повреден   заемане за дома 940780 Регионална библиотека "Любен Каравелов" Русе Регионална библиотека "Любен Каравелов" Русе Заемна - подръчен фонд 2024-03-11 Заемна - подръчен фонд 17.46 821.163.2-31/З-34 В 120000899809 8.93 Книги 120000899809
  Не е изгубен Universal Decimal Classification Не е повреден   заемане за дома 940781 Регионална библиотека "Любен Каравелов" Русе Регионална библиотека "Любен Каравелов" Русе Заемна - подръчен фонд 2024-03-11 Заемна - подръчен фонд 17.46 821.163.2-31/З-34 В 120000899808 8.93 Книги 120000899808
Vip Innovations Ltd, Rousse, Bulgaria 2025